<?xml version="1.0" encoding="UTF-8"?>
<record
    xmlns:xsi="http://www.w3.org/2001/XMLSchema-instance"
    xsi:schemaLocation="http://www.loc.gov/MARC21/slim http://www.loc.gov/standards/marcxml/schema/MARC21slim.xsd"
    xmlns="http://www.loc.gov/MARC21/slim">

  <leader>01965nam a22001937a 4500</leader>
  <datafield tag="999" ind1=" " ind2=" ">
    <subfield code="c">6765</subfield>
    <subfield code="d">6765</subfield>
  </datafield>
  <controlfield tag="003">AR-CdUCM</controlfield>
  <controlfield tag="008">190315b           ||||| |||| 00| 0 spa d</controlfield>
  <datafield tag="040" ind1=" " ind2=" ">
    <subfield code="a">MUNICIPALIDAD PROVINCIAL DEL CUSCO</subfield>
    <subfield code="c">BIBLIOTECA MUNICIPAL DEL CUSCO</subfield>
  </datafield>
  <datafield tag="082" ind1=" " ind2=" ">
    <subfield code="a">030 /</subfield>
    <subfield code="b">E86</subfield>
  </datafield>
  <datafield tag="110" ind1=" " ind2=" ">
    <subfield code="a">Espasa - Calpe</subfield>
    <subfield code="9">18256</subfield>
  </datafield>
  <datafield tag="245" ind1=" " ind2=" ">
    <subfield code="a">Enciclopedia Universal Ilustrada :</subfield>
    <subfield code="b">Europeo - Americano (suplemento anual 1936 - 1939) /</subfield>
  </datafield>
  <datafield tag="260" ind1=" " ind2=" ">
    <subfield code="a">Madrid :</subfield>
    <subfield code="b">Espasa - Calpe,</subfield>
    <subfield code="c">1958</subfield>
  </datafield>
  <datafield tag="300" ind1=" " ind2=" ">
    <subfield code="a">511 p&#xE1;ginas ;</subfield>
    <subfield code="b">im&#xE1;genes, fotograf&#xED;as, ilustraciones. </subfield>
    <subfield code="c">25 cm.</subfield>
  </datafield>
  <datafield tag="505" ind1=" " ind2=" ">
    <subfield code="a">Contenido: t.7: enciclopedia universal ilustrada, ap&#xE9;ndice -- t.8: enciclopedia universal ilustrada, ap&#xE9;ndice -- t.9: enciclopedia universal ilustrada, ap&#xE9;ndice -- t.10: enciclopedia universal ilustrada, ap&#xE9;ndice -- t.36: enciclopedia universal ilustrada -- t.37: enciclopedia universal ilustrada t.38: enciclopedia universal ilustrada -- t.39: enciclopedia universal ilustrada -- t.40:enciclopedia universal ilustrada t.41: enciclopedia universal ilustrada -- t.42: enciclopedia universal ilustrada -- t.43: enciclopedia universal ilustrada -- t.44: enciclopedia universal ilustrada -- t.45: enciclopedia universal ilustrada -- t.46: enciclopedia universal ilustrada -- t.47: enciclopedia universal ilustrada -- t.48: enciclopedia universal ilustrada -- t.56: enciclopedia universal ilustrada -- t.57: enciclopedia universal ilustrada -- t.58: enciclopedia universal ilustrada -- t.59: enciclopedia universal ilustrada -- t.60: enciclopedia universal ilustrada -- t.61: enciclopedia universal ilustrada -- t.62: enciclopedia universal ilustrada.</subfield>
  </datafield>
  <datafield tag="650" ind1=" " ind2=" ">
    <subfield code="a">Enciclopedia Universal.</subfield>
    <subfield code="9">18257</subfield>
  </datafield>
  <datafield tag="942" ind1=" " ind2=" ">
    <subfield code="2">ddc</subfield>
    <subfield code="c">LIBROS</subfield>
  </datafield>
  <datafield tag="945" ind1=" " ind2=" ">
    <subfield code="a">wfj</subfield>
  </datafield>
  <datafield tag="952" ind1=" " ind2=" ">
    <subfield code="0">0</subfield>
    <subfield code="2">ddc</subfield>
    <subfield code="4">0</subfield>
    <subfield code="7">0</subfield>
    <subfield code="a">SH</subfield>
    <subfield code="b">SH</subfield>
    <subfield code="c">CART</subfield>
    <subfield code="d">2019-03-19</subfield>
    <subfield code="g">100.00</subfield>
    <subfield code="o">030 / E86 / s.3 / p.2</subfield>
    <subfield code="p">SH0000008034</subfield>
    <subfield code="r">2019-03-19</subfield>
    <subfield code="y">LIBROS</subfield>
  </datafield>
</record>
